|
|
|
|
| LEADER |
00664nta a2200193 i 4500 |
| 001 |
dipl90098 |
| 005 |
20201209083815.0 |
| 008 |
201208s2006 hu om 0|| zxx d |
| 040 |
|
|
|a SZTE Diploma Repozitórium
|b hun
|
| 041 |
|
|
|a zxx
|
| 100 |
1 |
|
|a Beke András
|
| 245 |
1 |
2 |
|a A szovjet-finn "Téli Háború"
|h [elektronikus dokumentum] :
|b a Karéliai-földszoros főbb eseményei /
|c András Beke
|
| 260 |
|
|
|c 2006
|
| 650 |
|
4 |
|a Bölcsészettudományok
|
| 650 |
|
4 |
|a Humanities
|
| 650 |
|
4 |
|a History and archaeology
|
| 650 |
|
4 |
|a History
|
| 700 |
1 |
|
|a Kiss Gábor Ferenc
|e ths
|
| 856 |
4 |
0 |
|u http://diploma.bibl.u-szeged.hu/id/eprint/90098/1/2006_beke_andras.pdf
|z Dokumentum-elérés
|